Escritos sobre esquizofrenia /
Obra que reúne las investigaciones del autor en torno a la esquizofrenia, cuyo común denominador son las diversas manifestaciones de este trastorno mental, la aplicación de técnicas terapéuticas en su abordaje clínico y la interacción terapeuta-paciente.
Na minha lista:
| Autor principal: | |
|---|---|
| Formato: | Livro |
| Idioma: | espanhol |
| Publicado em: |
Barcelona, España :
Gedisa,
1980, c1980
|
| Colecção: | (Psicoteca Mayor)
|
| Assuntos: | |
| Tags: |
Sem tags, seja o primeiro a adicionar uma tag!
|
MARC
| LEADER | 00000nam^a2200000^a^4500 | ||
|---|---|---|---|
| 001 | 000186783 | ||
| 005 | 20250521000000.0 | ||
| 009 | 20260310102236.97 | ||
| 020 | |a 84-7432-104-2 | ||
| 037 | |a Acervo ITESO - Biblioteca | ||
| 041 | |a ESP | ||
| 082 | |a 616. 8982 |b SEA | ||
| 100 | |a Searles, Harold |e (autor) | ||
| 245 | 1 | 0 | |a Escritos sobre esquizofrenia / |c H. Searles ; tr. por Noemí Rosenblatt. |
| 264 | 4 | |a Barcelona, España : |b Gedisa, |c 1980, c1980 | |
| 300 | |a 313 p. | ||
| 336 | |a texto |b txt |2 rdacontenido | ||
| 337 | |a sin mediación |b n |2 rdamedio | ||
| 338 | |a volumen |b nc |2 rdasoporte | ||
| 440 | 1 | |a (Psicoteca Mayor) | |
| 520 | |a Obra que reúne las investigaciones del autor en torno a la esquizofrenia, cuyo común denominador son las diversas manifestaciones de este trastorno mental, la aplicación de técnicas terapéuticas en su abordaje clínico y la interacción terapeuta-paciente. | ||
| 649 | |a XX | ||
| 650 | |a Esquizofrenia | ||
| 650 | |a Psicopatología | ||
| 650 | |a Relación Analítica | ||
| 650 | |a Psicoanálisis - |x Técnica | ||
| 650 | |a Psicología Clínica | ||
| 910 | |a Fondo Armando Suárez Gómez | ||
| 920 | |a Impresos - Libros | ||
| 930 | |a Fondos Especiales | ||
| 905 | |a 111 | ||
| 901 | |a 0700002867 |b IT2 |c ESP |u 20250521 | ||
| 902 | |a https://opac.biblio.iteso.mx/vufind/Record/000186783 | ||